| 000 | 00357nam a22001577a 4500 | ||
|---|---|---|---|
| 003 | ASAB | ||
| 005 | 20180827062715.0 | ||
| 008 | 161128t xxu||||| |||| 00| 0 eng d | ||
| 020 | _a81-7648-591-8 | ||
| 040 | _cASAB | ||
| 082 | _a639 JOS | ||
| 100 |
_aP.C. Joshi _92337 |
||
| 245 | _abiodiversity and conservation | ||
| 300 | _a384 P. | ||
| 942 |
_2ddc _cBK |
||
| 999 |
_c480335 _d480335 |
||